000 00307nam a2200133Ia 4500
008 240624s9999 xx 000 0 und d
041 _aeng
082 _a658.4092 SMI
100 _aSMITH CHRIS
245 _aCONVERSION CODE
260 _c2017
_aNew Delhi
_bWiley
300 _a174 p.; 22 cm.
365 _cRS
999 _c29375
_d29375